02371nam a2200409 a 450000100100000000500170001000800410002702000240006802000240009202000230011604000250013908200110016424501730017525000120034826000400036030000330040049000260043350000650045950000500052450501410057459000260071570000380074170000340077970000330081371000570084683000330090395201140093695201140105095201080116495201140127295201140138695201080150095201140160895201080172295201140183099900170194400004708220201002053336.0180417s2015 dr abc 000 0 spa d a9789945192469 (v.1) a9789945194951 (v.2) a9789945192797(v.3) aDO-SdBNPbspacBNPHU axxbxx00aCiencias de la naturaleza 4 :beducacion primaria /ctexto Ángela Segura de Óleo... [et. al] ; ilustración Ruddy Núñez ; dirección editorial Claudia Llibre. a2a. ed. aSanto Domingo :bSantillana,c2015. av. :bil. ;c29 cm.+eCD-ROM1 aProyecto todos juntos aActualización según el nuevo diseño curricular oficial aLa biblioteca posee la reimpresión del 20170 av.1 :tLibro de textogv. 2 :tGuía de recursos didáctios : segundo ciclo educacion primariagv. 3 :tCuaderno fichas de actividades aInventariado, 2018/VM1 aSegura de Óleo, Ángela9748791 aNúñez, Ruddyeils.9231711 aLlibre, Claudiaedir.9304622 aEditorial Santillana (República Dominicana)97490200aProyecto todos juntos930856 0010718PDaGRbGRcHDd2018-04-16iLF1l0ov. 1, e. 3p47082-30r2020-06-25w2020-06-25yLFPDZNo se presta 0010718PDaGRbGRcHDd2018-11-27iLF1l0ov. 2, e. 3p47082-40r2020-06-25w2020-06-25yLFPDZNo se presta 0010718PDaGRbGRcHDd2018-11-27iLF1l0ov. 3p47082-50r2020-06-25w2020-06-25yLFPDZNo se presta 0010718PDaGRbGRcHDd2018-11-27iLF1l0ov. 3, e. 2p47082-80r2020-06-25w2020-06-25yLFPDZNo se presta 0010718PDaGRbGRcHDd2018-11-27iLF1l0ov. 3, e. 3p47082-90r2020-06-25w2020-06-25yLFPDZNo se presta 0010718PDaPDbPDcHDd2018-04-16iLF1l0ov. 1p47082-10r2020-06-25w2020-06-25yLFPDZNo se presta 0010718PDaPDbPDcHDd2018-04-16iLF1l0ov. 1, e. 2p47082-20r2020-06-25w2020-06-25yLFPDZNo se presta 0010718PDaPDbPDcHDd2018-11-27iLF1l0ov. 2p47082-60r2020-06-25w2020-06-25yLFPDZNo se presta 0010718PDaPDbPDcHDd2018-11-27iLF1l0ov. 2, e. 2p47082-70r2020-06-25w2020-06-25yLFPDZNo se presta c46570d46570